000 00599nam a2200193 4500
003 OSt
005 20260530113852.0
008 260508b1997 |||ad||| |||| 001 0 por d
040 _aICI
_bspa
_cICI
050 _aHF5415
_bA153
100 1 _aAcar Filho, Nelson
_931297
245 1 0 _aMarketing no projeto e desenvolvimento de novos Productos:
_bO papel do desenhista industrial
264 1 _bInstituto Brasileiro de Ciencia y Tecnolgía
_c1997
_aBrasil
300 _a60 páginas
336 _atexto
_2rdacontent
337 _asin medio
_2rdamedia
338 _avolumen
_2rdacarrier
942 _2lcc
_cBK
_n1
999 _c11476
_d11476